000 00356 a2200157 4500
001 152151
040 _cEscola São Tomás de Aquino
100 _aCARVALHO, Miguel
240 1 0 _aDia do mar
_lpor
245 1 0 _aDia do mar
300 _a44
362 0 _a2011
440 1 _aRHJ
697 _aDesenho gráfico, ilustrações, arte comercial
942 _cBK
999 _c152151
_d152151